5 Countries with the Best Roads by Continent - Statistics

General Stats
  • This quiz has been taken 59 times
  • The average score is 18 of 25
Answer Stats
Continent Quality Scoring Country % Correct
South America 5.2 Chile
93%
North America 5 Canada
91%
Asia 6.1 Japan
91%
South America 3.6 Argentina
89%
South America 4.9 Ecuador
87%
North America 5.5 United States
87%
South America 3.7 Uruguay
87%
Europe 6 Austria
85%
Asia 5.9 South Korea
85%
South America 3.5 Bolivia
83%
Europe 6.4 Netherlands
83%
Europe 5.7 Spain
83%
Africa 5.1 Egypt
80%
Africa 4.7 Morocco
80%
Europe 6.3 Switzerland
78%
North America 4.5 Panama
76%
Asia 6.5 Singapore
70%
Europe 6 Portugal
67%
Asia 6 United Arab Emirates
65%
North America 4.7 Dominican Republic
59%
Asia 5.7 Oman
59%
North America 4.2 El Salvador
43%
Africa 4.7 Mauritius
35%
Africa 5.3 Namibia
35%
Africa 4.8 Rwanda
20%
No matching quizzes found
Score Distribution
Percent of People with Each Score
Percentile by Number Answered
Your Score History
You have not taken this quiz